| 000 | 00344nam a2200133Ia 4500 | ||
|---|---|---|---|
| 008 | 230901s2016 xx 000 0 und d | ||
| 041 | _aeng | ||
| 082 | _a610.7343/BAS | ||
| 100 | _aBASVANTHAPPA | ||
| 245 | _aCOMUNITY HEALTH NURSING VOL-I-II 3RD ED. | ||
| 260 |
_bJAYPEE BROTHERS _c2016 |
||
| 300 | _a600 | ||
| 650 | _aCOMMUNITY HEALTH NURSING | ||
| 999 |
_c870350 _d870350 |
||